header

Until the last man comes home (Record no. 163566)

MARC details
000 -LEADER
fixed length control field 01724nam a2200385Ia 4500
100 1# - MAIN ENTRY--AUTHOR NAME
Personal name Allen, Michael J.
245 10 - TITLE STATEMENT
Title Until the last man comes home
260 ## - PUBLICATION, DISTRIBUTION, ETC. (IMPRINT)
Place of publication Chapel Hill :
Name of publisher University of North Carolina Press,
Year of publication c2009.
300 ## - PHYSICAL DESCRIPTION
Number of Pages 433 p. :
Other physical details ill.
650 #0 - SUBJECT ADDED ENTRY--TOPICAL TERM
Topical Term Vietnam War, 1961-1975
Topical Term Prisoners of war
Topical Term Political activists
Topical Term Vietnam War, 1961-1975
Topical Term Vietnam War, 1961-1975
Topical Term Vietnam War, 1961-1975
856 40 - ELECTRONIC LOCATION AND ACCESS
Uniform Resource Identifier http://site.ebrary.com/lib/rucke/Doc?id=10343532

No items available.

© 2026 Rongo University
Contact us: librarian | system librarian | Rongo university